Bertolt Brecht
Spremljeno u:
| Glavni autor: | |
|---|---|
| Format: | Knjiga |
| Jezik: | španjolski |
| Izdano: |
Colonia
Inter Nationes-Bad godesberg
1966
|
| Teme: | |
| Oznake: |
Dodaj oznaku
Bez oznaka, Budi prvi tko označuje ovaj zapis!
|
MARC
| LEADER | 00000nam a2200000 a 4500 | ||
|---|---|---|---|
| 001 | UCX3392 | ||
| 003 | CL-VaPUC | ||
| 008 | 911104e19660000GW |||||||||||||||||spa|d | ||
| 082 | 0 | 4 | |a 832.09 |b WEN |2 21 |
| 100 | 0 | |a Wendt, Ernst |e author |9 319541 | |
| 245 | 1 | 0 | |a Bertolt Brecht |
| 300 | |a 45 p | ||
| 942 | |c BK | ||
| 945 | |d 19911104 00:00:00 | ||
| 260 | |a Colonia |b Inter Nationes-Bad godesberg |c 1966 | ||
| 600 | 0 | 7 | |a BRECHT, BERTOLT |2 CL-VaPUC |9 311649 |
| 650 | 0 | |a Crítica e interpretación |9 255042 | |
| 650 | 7 | |a DRAMATURGO ALEMAN |2 CL-VaPUC |9 319542 | |
| 583 | |a last modification |c 19911104 00:00:00 |k Rodrigo Vera | ||
| 999 | |c 224162 |d 224160 | ||
| 952 | |0 0 |1 0 |4 0 |6 832_090000000000000_WEN_1966 |7 0 |8 A |9 220620 |a BIBEDU |b BIBEDU |d 2019-11-15 |i 2893533 |o 832.09 WEN 1966 |p 2893533 |r 2019-11-15 |w 2019-11-15 |y BK |k LIT | ||